Code IATA - Statistiques

Statistiques générales
  • Ce quiz a été pris 208 fois
    74 depuis la dernière actualisation
  • Le résultat moyen est 40 sur 52
Statistiques - réponses
Hint Réponse % Correct
AMS Amsterdam
100%
LIS Lisbonne
100%
CDG Paris
100%
ORY Paris
100%
BCN Barcelone
98%
BRU Bruxelles
98%
LIL Lille
98%
LYS Lyon
98%
MAD Madrid
98%
MRS Marseille
98%
NCE Nice
98%
PRG Prague
98%
DUB Dublin
96%
LUX Luxembourg
96%
OSL Oslo
96%
TLS Toulouse
96%
NTE Nantes
94%
RNS Rennes
94%
BER Berlin
92%
ATH Athenes
90%
BOD Bordeaux
90%
HEL Helsinki
90%
MUC Munich
90%
VIE Vienne
88%
ZRH Zurich
88%
SOF Sofia
85%
VLC Valence
85%
CPH Copenhague
83%
FRA Francfort
83%
LHR Londres
81%
LGW Londres
81%
ZAG Zagreb
79%
GVA Genève
77%
WAW Varsovie
77%
OPO Porto
75%
FAO Faro
71%
FCO Rome
67%
BES Brest
65%
MXP Milan
65%
LIN Milan
65%
LJU Ljubljana
63%
SXB Strasbourg
63%
PMI Palma
54%
BEG Belgrade
52%
CFE Clermont Ferrand
50%
TLL Tallin
48%
RIX Riga
42%
OTP Bucarest
38%
BTS Bratislava
31%
VNO Vilnius
31%
ARN Arlanda
25%
KEF Keflavik
21%
Aucun quiz correspondant
Distribution des résultats
% des personnes avec chaque résultat
Percentile par nombre de réponses
Votre historique - résultats
Vous n’avez pas pris ce quiz depuis la dernière actualisation